television and radio announcing (Record no. 12882)
[ view plain ]
| 000 -LEADER | |
|---|---|
| fixed length control field | 00340nam a22001457a 4500 |
| 003 - CONTROL NUMBER IDENTIFIER | |
| control field | SGT |
| 020 ## - INTERNATIONAL STANDARD BOOK NUMBER | |
| International Standard Book Number | 9788173912788 |
| 082 ## - DEWEY DECIMAL CLASSIFICATION NUMBER | |
| Classification number | 791.4 |
| Item number | T98H |
| 100 ## - MAIN ENTRY--PERSONAL NAME | |
| Personal name | stuart hyde |
| 245 ## - TITLE STATEMENT | |
| Title | television and radio announcing |
| 250 ## - EDITION STATEMENT | |
| Edition statement | 1ST |
| 260 ## - PUBLICATION, DISTRIBUTION, ETC. (IMPRINT) | |
| Place of publication, distribution, etc | NEW DELHI |
| Name of publisher, distributor, etc | KANISHKA PUBLISHERS |
| Year of Publication | 1998 |
| 650 ## - SUBJECT ADDED ENTRY--TOPICAL TERM | |
| Topical term or geographic name as entry element | MASS COMMUNICATION |
| 942 ## - ADDED ENTRY ELEMENTS (KOHA) | |
| Source of classification or shelving scheme | Dewey Decimal Classification |
| Koha item type | Books |
| 942 ## - ADDED ENTRY ELEMENTS (KOHA) | |
| -- | 2 |
| Withdrawn status | Lost status | Source of classification or shelving scheme | Damaged status | Not for loan | Collection code | Home library | Current library | Shelving location | Date acquired | Vendor Name | Cost, normal purchase price | SGTU | Bill Number | Total Checkouts | Full call number | Accession No. (Barcode) | Date last seen | Bill Date | Koha item type | Date last borrowed |
|---|---|---|---|---|---|---|---|---|---|---|---|---|---|---|---|---|---|---|---|---|
| Dewey Decimal Classification | MASS COMMUNICATION | SGT Science & Social Sciences Library | SGT Science & Social Sciences Library | Text Book | 08/08/2017 | AHUJA BOOKS PUBLISHER | 1095.00 | SGTU | GV213 | 791.4 T98H | MC171 | 08/08/2017 | 19/11/2016 | Books | ||||||
| Dewey Decimal Classification | MASS COMMUNICATION | SGT Science & Social Sciences Library | SGT Science & Social Sciences Library | Text Book | 08/08/2017 | AHUJA BOOKS PUBLISHER | 1095.00 | SGTU | GV213 | 2 | 791.4 T98H | MC172 | 17/08/2022 | 19/11/2016 | Books | 03/08/2022 | ||||
| Dewey Decimal Classification | MASS COMMUNICATION | SGT Science & Social Sciences Library | SGT Science & Social Sciences Library | Text Book | 08/08/2017 | AHUJA BOOKS PUBLISHER | 1095.00 | SGTU | GV213 | 791.4 T98H | MC173 | 08/08/2017 | 19/11/2016 | Books | ||||||
| Dewey Decimal Classification | MASS COMMUNICATION | SGT Science & Social Sciences Library | SGT Science & Social Sciences Library | Text Book | 08/08/2017 | AHUJA BOOKS PUBLISHER | 1095.00 | SGTU | GV213 | 791.4 T98H | MC174 | 08/08/2017 | 19/11/2016 | Books | ||||||
| Dewey Decimal Classification | MASS COMMUNICATION | SGT Science & Social Sciences Library | SGT Science & Social Sciences Library | Text Book | 08/08/2017 | AHUJA BOOKS PUBLISHER | 1095.00 | SGTU | GV213 | 791.4 T98H | MC175 | 08/08/2017 | 19/11/2016 | Books |